Jennifer Jason Leigh Films Quiz Stats

 Plays Quiz not verified by Sporcle

Challenge
Share
Tweet
Embed
Score 0/46 Timer 09:00
0 Plays Today
Year Film % Correct
1982Fast Times at Ridgemont High
78.7%
1992Single White Female
78.7%
1995Georgia
55.3%
1994The Hudsucker Proxy
40.4%
1994Mrs. Parker and the Vicious Circle
40.4%
2001The Anniversary Party
38.3%
2002Road to Perdition
38.3%
2007Margot at the Wedding
38.3%
1989Last Exit to Brooklyn
36.2%
1995Dolores Claiborne
36.2%
2004The Machinist
36.2%
2010Greenberg
36.2%
1986The Hitcher
34%
1999eXistenZ
31.9%
1990Miami Blues
29.8%
1991Rush
29.8%
1996Kansas City
29.8%
1991Backdraft
27.7%
1997Washington Square
21.3%
2002Hey Arnold! The Movie
21.3%
1981Eyes of a Stranger
19.1%
2008Synecdoche, New York
19.1%
1984Grandview, U.S.A.
17%
Year Film % Correct
1993Short Cuts
17%
2003In the Cut
17%
1976The Spy Who Never Was
14.9%
1983Easy Money
12.8%
1985Flesh + Blood
12.8%
1988Heart of Midnight
12.8%
1989The Big Picture
12.8%
1997A Thousand Acres
12.8%
2001The Man Who Wasn't There
12.8%
1987Sister, Sister
10.6%
1996Bastard Out of Carolina
10.6%
2004Palindromes
10.6%
2005The Jacket
10.6%
1986The Men's Club
8.5%
1987Under Cover
8.5%
1991Crooked Hearts
8.5%
1992The Prom
8.5%
1982Wrong is Right
6.4%
2000The King is Alive
6.4%
2001The Quickie
6.4%
2004Childstar
6.4%
2005Rag Tale
6.4%
2000Skipped Parts
4.3%

You're not logged in!

Compare scores with friends on all Sporcle quizzes.
Join for Free
OR
Log In

You Might Also Like...

Show Comments

Extras

Top Quizzes Today


Score Distribution

Your Account Isn't Verified!

In order to create a playlist on Sporcle, you need to verify the email address you used during registration. Go to your Sporcle Settings to finish the process.

Report this User

Report this user for behavior that violates our Community Guidelines.

Details: